000 01321cam a22003497a 4500
003 CHAP
005 20250812135210.0
008 000522d2000 mx a r 00110 spa d
010 _a81219
011 _a82191
035 _a92678
040 _cCHAP
090 _aTesis
100 0 0 _aMoreno García, René
_978606
245 1 0 _aAprovechamiento industrial del trigo (Triticum aestivum L.) de temporal de baja calidad producido en el Estado de México
_c/por René Moreno García y Francisco Javier Pérez González
260 _aChapingo, Méx. :
_bEl autor,
_c2000.
300 _a104 h. :
_bilus. ; gráfs.
502 _aTesis (Ing. Agroindustrial) -- UACH. Departamento de Ingeniería Agroindustrial
590 _aALEPH
_b10
_c20130110
_lUCH01
_h1435
590 _aBATCH-UPD
_b10
_c20130110
_lUCH01
_h0438
590 _aBATCH-UPD
_b10
_c20130410
_lUCH01
_h0114
590 _aBATCH-UPD
_b10
_c20130914
_lUCH01
_h1831
590 _aCONVERSION
_b10
_c20130109
_lUCH01
_h1345
650 1 4 _aTrigo
_xIndustria.
_9115042
650 1 4 _aTrigo
_zMéxico (Edo.).
_9115131
700 0 _aPérez González, Francisco Javier.
_989690
901 _aBK
905 _aBlanca M. García O.
942 _cFOLL
949 _aTesis
_bBC
_cTES
_d33724000781696
_eTS2
_fc.2
_h36319
_i92678
_sb
949 _aTesis
_bBC
_cTES
_d926781
_eTS1
_h36318
_i92678
_sb
999 _c81219
_d81219